书目信息 |
| 题名: |
中国珍贵濒危动物
|
|
| 作者: | ;国家濒危物种进出口管理办公室 主编 | |
| 分册: | ||
| 出版信息: | 上海 上海科学技术出版社 1996 |
|
| 页数: | 301页 | |
| 开本: | 29cm | |
| 丛书名: | ||
| 单 册: | ||
| 中图分类: | Q958.52-64 , S863 | |
| 科图分类: | ||
| 主题词: | 珍稀动物--中国--摄影集 , 狩猎 , 野生动物--驯养 | |
| 电子资源: | ||
| ISBN: | 7-5323-3940-8 | |
| 000 | 00846nam0 2200265 45 | |
| 001 | 0197039470 | |
| 005 | 20040924082834.3 | |
| 010 | @a7-5323-3940-8@b精装@dCNY200.00 | |
| 100 | @a19971111d1996 em y0chiy0121 ea | |
| 101 | 0 | @achi@aeng |
| 102 | @aCN@b310000 | |
| 105 | @aa z 000yy | |
| 106 | @ar | |
| 200 | 10 | @a中国珍贵濒危动物@Azhong guo zhen gui bin wei dong wu@f中华人民共和国濒危物种进出口管理办公室主编 |
| 210 | @a上海@c上海科学技术出版社@d1996 | |
| 215 | @a301页@d29cm | |
| 510 | 1 | @aRare and endangered animals of China@zeng |
| 606 | @a珍稀动物@y中国@x摄影集 | |
| 606 | 0 | @a狩猎 |
| 606 | 0 | @a野生动物@x驯养 |
| 690 | @aQ958.52-64@v3 | |
| 690 | @aS863 | |
| 711 | 02 | @a国家濒危物种进出口管理办公室@Aguo jia bin wei wu zhong jin chu kou guan li ban gong shi@4主编 |
| 801 | 0 | @aCN@bNLC@c19971128 |
| 905 | @f1@b280267@dS863@e16 | |
| 中国珍贵濒危动物/中华人民共和国濒危物种进出口管理办公室主编.-上海:上海科学技术出版社,1996 |
| 301页;29cm |
| ISBN 7-5323-3940-8(精装):CNY200.00 |
| ● |
| 相关链接 |
|
|
|
|
正题名:中国珍贵濒危动物
索取号:S863/16
 
预约/预借
| 序号 | 登录号 | 条形码 | 馆藏地/架位号 | 状态 | 备注 |
| 1 | 0280267 | 002802676 | 工具书阅览室/ [索取号:S863/16] | 在馆 | |
| 2 | 0280268 | 002802685 | 第二样本阅览室/ [索取号:S863/16] | 在馆 |